000
00190nam a22000977a 4500
999
_c
531403
_d
531403
040
_c
DLC
082
_a
891.4393
_b
ASH
100
_a
Ashfaq Ahmed
_9
651
245
_a
Zaviya 2
942
_2
ddc
_c
BK